000 00293nam a2200121Ia 4500
005 20251222140030.0
008 251222s1900||||xx |||||||||||||| ||spa||
082 _a193/S63
100 _aSobrevilla, David
245 0 _aCuadernos de FilosofĂ­a I:
264 _bUniversidad de Lima
942 _cLIB
999 _c2930
_d2930